| 000 | 02026nam a22002657a 4500 | ||
|---|---|---|---|
| 003 | Uzh_bibl | ||
| 008 | 260415b |||||||| |||| 00| 0 ukr d | ||
| 020 |
_a5-319-01072-9 _c1.30 |
||
| 040 | _bукр. | ||
| 041 |
_2ukr _aukr |
||
| 080 | _a94(477) | ||
| 090 |
_a94(477) _bК 60 |
||
| 100 | _a | ||
| 245 |
_aКоли земля стогнала: друга половина ХVI - перша половина XVII ст. _cупоряд.і передем. В.О.Щербака. _hТекст |
||
| 260 |
_aКиїв _bУкраїна _c1995 |
||
| 300 |
_a432 с. _fВ опр. |
||
| 490 | _aСерія"Історія України в прозових творах та документах" | ||
| 520 | _a Книга відтворює події, що розгорталися на території України у другій половині XVI – першій половині XVII ст. Це був період панування Речі Посполитої, її жорстокої колоніальної політики, насадження католицизму та уніатства, турецько-татарської агресії. Ті буремні годинники постають перед читачем із забутих прозових творів українських письменників, історичних досліджень, спогадів сучасників. Видання доповнене хронологією та картою того часу, примітками. | ||
| 521 | _aРозраховане на вчителів та учнів шкіл, усіх, хто вивчає чи цікавиться історією Української держави | ||
| 546 | _aукр. | ||
| 650 | _aЛітературно-художне видання | ||
| 653 |
_aРіч Посполита _aКатолицизм _aТурецько-татарська агресія |
||
| 655 | _aІсторична література | ||
| 942 |
_2udc _cBK |
||
| 999 |
_c17323 _d17323 |
||